Follow that Line: Arrested Development Narrations Quiz Stats

 Plays Quiz not verified by Sporcle

Score 0/24 Timer 06:00
0 Plays Today
% Correct
Hey, that's the name of the show.
93.7%
Tobias boarded a van full of homosexuals.
93.5%
he’d gone in head first, like Pete Rose.
90.8%
but he didn't.
89.1%
Party planning.
89.1%
It went right there.
89.1%
Yeah. She wasn't.
88.8%
I'm not even going to tell you what they thought that meant.
88.7%
This proved a more difficult dramatic gesture than he’d anticipated.
87%
But instead, he just sat on his car and ate a whole thing of candy beans.
86.6%
But they never did.
86.3%
I can’t emphasize that enough.
83.9%
% Correct
Her.
83.8%
He also suspected he couldn’t return a completely frozen dove to a pet store and get the full refund he felt he was entitled to.
82.2%
Just pure crap.
81.6%
but she was just out of vodka.
81.4%
and she had best watch her mouth.
80.4%
But he really didn't.
77.8%
Not according to that day's blog on IMOSCAR.com.
76.5%
All in all, it was one of the Bluth’s better dinner parties.
76.1%
George Sr. was forced to visit someone he had once tried to shove out of a moving car.
75.9%
Tell your friends.
73.7%
They didn't, but it would have been.
57.3%
And a lot of us just didn’t want to drive down to Orange County.
54.4%

You're not logged in!

Compare scores with friends on all Sporcle quizzes.
OR
Log In

You Might Also Like...

Show Comments

Extras

Top Quizzes Today


Score Distribution

Your Account Isn't Verified!

In order to create a playlist on Sporcle, you need to verify the email address you used during registration. Go to your Sporcle Settings to finish the process.

Report this User

Report this user for behavior that violates our Community Guidelines.

Details: